000 00897nam a2200253Ia 4500
003 OSt
005 20220925220038.0
006 a|||||r|||| 00| 0
007 ta
008 220923b |||||||| |||| 00| 0 eng d
037 _cGeneral Book
040 _aRTL
_cRTL
_beng
041 _2eng
_aeng
082 _aX.43.N7, L1
110 _aAsian Development Bank , Southeast Asia`s Economy in the 1970s (Expert Group on-) (1969)
_9284062
245 0 _aSoutheast Asia's economy in the 1970s
_b Asian development bank
260 _aLondon
_bLongman
_c1971
300 _axxxii,684p.
_ccm.
500 _aAppendix :P 674-84; Glossary :P 575-80
650 _aEconomic conditions South East Asia -
700 _aAsian Development Bank , Southeast Asia`s Economy in the 1970s (Expert Group on-) (1969)
_9284063
942 _hX.43.N7, L1
_cGB
_2CC
999 _c570374
_d570374